00723 2200253 4500001002100000005001500021035002000036007000300056008004100059020002100100082000800121084001400129100004400143245006300187250001400250300002800264600001700292264005100309336002100360337001900381338003700400990001600437990001600453INLIS00000000000531720260112122322 a0010-0126000024ta260112 e 0 ind  a978-623-190264-1 a071 a071 TOM p0 aTOMI HENDRA, S.SOS.I., M.SOSePengarang1 aPENGANTAR ILMU JURNALISTIK /cTOMI HENDRA, S.SOS.I., M.SOS aCETAKAN 1 a151 hlm ;c15,5 x 23 cm 4aTOMI HENDRA, aYOGYAKARTA :bCV. BINTANG SEMESTA MEDIA,c2023 2rdacontentaTEXT 2rdamediaaBUKU 2rdacarrieraMPK RAK KIRI LAJUR 1 a00000012558 a00000012559